000 00418nam a2200145Ia 4500
008 230519s9999 xx 000 0 und d
020 _a978-93-92242-03-8
041 _aeng
082 _aM/616.01/GUP/DB0960
100 _aGupta Pooja
_9180568
245 _aTextbook of Microbiology for GNM Nursing Students
260 _bVision Health Sciences Publishers
_aPanjab
_c2021
300 _a124p
999 _c159544
_d159544